Losowe flagi Azji - Statystyki

Ogólne statystyki
  • Ten quiz został rozwiązany 375 razy
  • Średni wynik to 18 z 20
Statystyki odpowiedzi
Obrazkowy Odpowiedź % Poprawnych
Indie
98%
Indonezja
98%
Japonia
98%
Katar
98%
Gruzja
96%
Izrael
96%
Pakistan
96%
Turcja
96%
Arabia Saudyjska
95%
Irak
95%
Korea Południowa
95%
Nepal
94%
Singapur
94%
Bahrajn
93%
Chiny
93%
Iran
93%
Kazachstan
93%
Bhutan
92%
Korea Północna
91%
Wietnam
91%
Armenia
90%
Malezja
90%
Sri Lanka
90%
Bangladesz
89%
Jemen
89%
Liban
89%
Mjanma
89%
Azerbejdżan
88%
Zjednoczone Emiraty Arabskie
88%
Kirgistan
87%
Mongolia
87%
Syria
87%
Filipiny
86%
Jordania
86%
Laos
86%
Tajlandia
84%
Uzbekistan
83%
Turkmenistan
82%
Malediwy
81%
Oman
81%
Tajwan
81%
Timor Wschodni
80%
Tadżykistan
79%
Kambodża
78%
Brunei
75%
Afganistan
68%
Kuwejt
65%
Nie znaleziono quizów pasujących do podanych kryteriów
Rozkład punktacji
Procent ludzi z każdym wynikiem
Percentyl według liczby udzielonych odpowiedzi
Twoja historia wyników
Nie rozwiązałeś tego quizu